| 000 | 00440nam a2200157 i 4500 | ||
|---|---|---|---|
| 001 | 26936 | ||
| 003 | ES-MaACL | ||
| 005 | 20230906153528.0 | ||
| 007 | t| | ||
| 008 | 030113s1868 sp ||||1| spa d | ||
| 110 | 2 |
_aAteneo Balear. _91843 |
|
| 245 | 1 | 0 |
_aActa de la sesión del 26 enero 1868 / _cAteneo Balear. |
| 260 |
_aPalma : _b[s.n., _c1868] |
||
| 610 | 2 | 4 |
_aAteneo Balear- _vDiscursos de apertura. _9169360 |
| 852 |
_aES-MaACL _jT-76-F-11 |
||
| 999 |
_c26936 _d26936 |
||